| 000 | 01023nam2a2200229 4500 | ||
|---|---|---|---|
| 001 | rc\3023036 | ||
| 005 | 20260315071256.0 | ||
| 035 | _a(NLR Aleph) 007208075 | ||
| 090 |
_a13630377 _c13630377 |
||
| 100 | _a20110928d1935 u y0rusy50 ca | ||
| 101 | 0 | _arus | |
| 102 | _aRU | ||
| 105 | _ay z ||||| | ||
| 200 | 1 | _aАпатит | |
| 210 | _d1935 | ||
| 461 | 0 |
_1001rc\3023019 _12001#$aМинерально-сырьевая база СССР$eВып. 6-$fНКТП СССР Центр. науч.-исслед. геол.-разведочный ин-т ГГГГУ$vВып. 27 _97660185 _cЛенинград _d1935 _fНКТП СССР Центр. науч.-исслед. геол.-разведочный ин-т ГГГГУ _nОнти. Гл. ред. геол.-развед. и геодез. лит. _oВып. 6- _tМинерально-сырьевая база СССР _vВып. 27 |
|
| 700 | 1 |
_aПромтов _bА.Н. |
|
| 801 | 0 |
_aRU _bNLR _gpsbo |
|
| 801 | 1 |
_aRU _bELAR _2rusmarc |
|
| 852 |
_aNLR _j35-18/15 |
||
| 942 | _cUNSPEC | ||
| 980 | _aNB | ||